Refused US Visas - Statistics

General Stats
  • This quiz has been taken 75 times
  • The average score is 5 of 10
Answer Stats
%Refused Country % Correct
100 North Korea
94%
86.58 Iran
87%
74.83 Syria
81%
80.77 Somalia
63%
78.45 Yemen
63%
89.05 Libya
54%
85.35 Djibouti
19%
73.16 Burundi
13%
73.29 Guinea
11%
73.93 Liberia
8%
No matching quizzes found
Score Distribution
Percent of People with Each Score
Percentile by Number Answered
Your Score History
You have not taken this quiz